000 00601cam a2200205 4500
001 WB3631-43
008 000000n2000 000 0 eng u
035 _a(Sirsi) u107687
245 _aQuarries to keep noise down
260 _c2000
490 _aFinancial Times
_v9 August 2000, 3(1)
520 _aThe Quarry Products Association is critical of draft governmnent proposals to reducing noise levels in quarries.
590 _aWB
650 _aMINING INDUSTRY
650 _aNOISE LEVELS
650 _aQUARRYING
650 _aNOISE POLLUTION
690 _aMINING AND MINERALS
942 _n0
999 _c64330
_d64330